000 01349nam a2200265 4500
001 0000017140
003 CO-CtgCURN
005 20260203195015.0
008 160627s1999 000 0 eng d
020 _a9588087171
040 _aCO-CtgCURN
_bspa
_ccoctgcurn
082 0 _a345.02
_bC15d
100 1 _aCancino, Antionio José (Coordinador)
245 1 3 _aEl derecho penal español de fin de siglo y el derecho penal latinoamericano :
_bhomenaje a Enrique Bacigalupo.
260 _aBogotá :
_bEdiciones Juridicas Gustavo Ibañez C,
_c1999.
300 _a498 p.
336 _2rdacontent
337 _2rdamedia
_asin mediacion
_bn
338 _2rdacarrier
_avolumen
_bnc
505 8 _aCrisis de la filosofia del sujeto individual.--Las medidas de seguridad en los códigos penales.--Los concursos de leyes en el nuevo Código penal.--El concepto y la prueba del dolo en la jurisprudencia del tribunal supremo español.--La libertad condicional en el Código penal español.--Delitos contra la propiedad intelectual.--Derecho penal español.--Derecho penal latinoamericano.--Estado de necesidad y responsabilidad civil.--Los delitos contra la propiedad intelectual
650 0 _aDerecho penal
_zEspaña.
908 _a160627
942 _cBK
_h345.02
_iC15d
_2ddc
999 _c49539
_d49539